| 000 | 00509nam a22001457a 4500 | ||
|---|---|---|---|
| 999 |
_c18267 _d18267 |
||
| 008 | 200309b xxu||||| |||| 00| 0 eng d | ||
| 020 | _a0823251841 | ||
| 050 |
_aHE7645 _b.B49 2013 c.1 |
||
| 245 |
_aBeyond Broadband Access _bDeveloping data-based information policy strategies _cedited by Richard D. Taylor and Amit M. Schejter |
||
| 260 |
_aNew York _bFordham University Press _c2013 |
||
| 300 | _aviii, 311p. | ||
| 650 | _aTelecommunication policy | ||
| 650 | _aBroadband communication | ||
| 942 |
_2lcc _cBK |
||